Planes de reconstrucción y prevención de desastres

שמור ב:
מידע ביבליוגרפי
פורמט: Texto
נושאים:
תגים: הוספת תג
אין תגיות, היה/י הראשונ/ה לתייג את הרשומה!

MARC

LEADER 00000 a a2200000 04500
001 6282
003
040
245 |a Planes de reconstrucción y prevención de desastres  
650 |a DESASTRES NATURALES  
650 |a PREVENCION DE DESASTRES  
650 |a ELABORACION DE POLITICAS  
773 |g volumen 19, número 854; páginas 7-9  
999 |c 28837  |d 28837